5HLuxD.jpg

KING HENRY VIII SENIOR AND PRIMARY SCHOOL LIBRARY OPAC

Complete global perspectives for Cambridge IGCSE® & O level / (Record no. 673)

000 -LEADER
fixed length control field 01038nam a2200325 i 4500
001 - CONTROL NUMBER
control field 020546480
003 - CONTROL NUMBER IDENTIFIER
control field UkOxU
005 - DATE AND TIME OF LATEST TRANSACTION
control field 20191014122343.0
008 - FIXED-LENGTH DATA ELEMENTS--GENERAL INFORMATION
fixed length control field 150914s2015 enka 000|0|eng|d
015 ## - NATIONAL BIBLIOGRAPHY NUMBER
National bibliography number GBB5F6733
Source bnb
020 ## - INTERNATIONAL STANDARD BOOK NUMBER
International Standard Book Number 9780198366812
Qualifying information Student book
035 ## - SYSTEM CONTROL NUMBER
System control number (Uk)017601506
040 ## - CATALOGING SOURCE
Original cataloging agency StDuBDS
Language of cataloging eng
Transcribing agency StDuBDS
Description conventions rda
Modifying agency UkOxU
082 04 - DEWEY DECIMAL CLASSIFICATION NUMBER
Classification number 370.152 LAL
Edition number 23
100 1# - MAIN ENTRY--PERSONAL NAME
Personal name Lally, Jo,
Relator term author.
245 10 - TITLE STATEMENT
Title Complete global perspectives for Cambridge IGCSE® & O level /
Statement of responsibility, etc. Jo Lally.
250 ## - EDITION STATEMENT
Edition statement Second edition.
264 #1 - PRODUCTION, PUBLICATION, DISTRIBUTION, MANUFACTURE, AND COPYRIGHT NOTICE
Place of production, publication, distribution, manufacture Oxford :
Name of producer, publisher, distributor, manufacturer Oxford University Press,
Date of production, publication, distribution, manufacture, or copyright notice 2015.
264 #4 - PRODUCTION, PUBLICATION, DISTRIBUTION, MANUFACTURE, AND COPYRIGHT NOTICE
Date of production, publication, distribution, manufacture, or copyright notice ©2015
300 ## - PHYSICAL DESCRIPTION
Extent 2 volumes :
Other physical details illustrations ;
Dimensions 28 cm
336 ## - CONTENT TYPE
Content type term text
Source rdacontent
337 ## - MEDIA TYPE
Media type term unmediated
Source rdamedia
338 ## - CARRIER TYPE
Carrier type term volume
Source rdacarrier
505 0# - FORMATTED CONTENTS NOTE
Formatted contents note Student book
650 #0 - SUBJECT ADDED ENTRY--TOPICAL TERM
Topical term or geographic name entry element Critical thinking
General subdivision Study and teaching (Secondary)
Geographic subdivision Great Britain.
650 #0 - SUBJECT ADDED ENTRY--TOPICAL TERM
Topical term or geographic name entry element Research
General subdivision Study and teaching (Secondary)
Geographic subdivision Great Britain.
942 ## - ADDED ENTRY ELEMENTS (KOHA)
Source of classification or shelving scheme
Koha item type Books - Non Ficton
Holdings
Withdrawn status Lost status Source of classification or shelving scheme Damaged status Not for loan Collection code Permanent Location Current Location Shelving location Date acquired Full call number Barcode Date last seen Copy number Price effective from Koha item type
          Non-Fiction KH8 Senior School Library KH8 Senior School Library Non Fiction 2019-10-14 370.152 LAL 3KHSL000101403 2019-10-14 1 2019-10-14 Books - Non Ficton
          Non-Fiction KH8 Senior School Library KH8 Senior School Library Non Fiction 2019-10-14 370.152 LAL 3KHSL000101404 2019-10-14 2 2019-10-14 Books - Non Ficton
          Teaching Resources KH8 Senior School Library KH8 Senior School Library Staff Office 2023-08-09 370.152 LAL TRKHSL001492 2023-08-09   2023-08-09 Teaching Resources
          Teaching Resources KH8 Senior School Library KH8 Senior School Library Staff Office 2023-08-09 370.152 LAL TRKHSL001493 2023-08-09   2023-08-09 Teaching Resources
          Teaching Resources KH8 Senior School Library KH8 Senior School Library Staff Office 2023-08-11 370.152 LAL TRKHSL001934 2023-08-11   2023-08-11 Teaching Resources
          Teaching Resources KH8 Senior School Library KH8 Senior School Library Staff Office 2023-08-11 370.152 LAL TRKHSL001935 2023-08-11   2023-08-11 Teaching Resources

Powered By KH8 IT Dept